000 00623cam a22002053a 4500
001 38395
003 PGUSA
005 20140828083839.0
008 111223s2011||||xxu|||||s|||||000 | eng d
040 _aPGUSA
_beng
042 _adc
100 1 _aBrod, Max
245 1 0 _aErstes Kapitel des Buches "Richard und Samuel" :
_bDie erste lange Eisenbahnfahrt (Prag-Zürich)
_h[electronic resource] /
_cMax Brod
260 _bProject Gutenberg,
_c2011
506 _aPublic domain in the USA.
516 _aElectronic text
830 0 _aProject Gutenberg
_v38395
856 4 0 _uhttp://www.gutenberg.org/ebooks/38395
942 _cEB
999 _c267649
_d267649